flags with red, blue and white - Statistics

General Stats
  • This quiz has been taken 13 times
  • The average score is 10 of 14
Answers on the Grid
Answers color-coded by a green-red scale on the quiz's grid according to % correct below.
algeria
australia
united states of america
jamaica
argentina
camboadia
chile
brazil
germany
costa rica
israel
cuba
india
laos
liberia
saudi arabia
pakistan
luxembourg
nepal
ecuador
panama
south afica
united kingdom
russia
ireland
belgium
cyprus
greece
samoa
estonia
 
Answer Stats
Answer % Correct
australia
89%
costa rica
89%
cuba
89%
russia
89%
united states of america
89%
luxembourg
78%
camboadia
67%
chile
67%
united kingdom
67%
laos
56%
liberia
56%
panama
56%
samoa
56%
nepal
44%
No matching quizzes found
Score Distribution
Percent of People with Each Score
Percentile by Number Answered
Your Score History
You have not taken this quiz